[Event "Dortmund op-B"]
[Site "Dortmund"]
[Date "2007.06.30"]
[Round "8"]
[White "Bakshi, Raj"]
[Black "Doerre, Niels"]
[Result "1-0"]
[WhiteElo "1722"]
[BlackElo "1550"]
[PlyCount "117"]
[EventDate "2007.06.22"]
[EventType "swiss"]
[EventRounds "9"]
[EventCountry "GER"]
[SourceTitle "EXT 2008"]
[Source "ChessBase"]
[SourceDate "2007.11.25"]
[SourceVersion "1"]
[SourceVersionDate "2007.11.25"]
[SourceQuality "1"]

1. Nf3 d5 2. c4 e6 3. d4 Nf6 4. e3 Be7 5. Nc3 0-0 6. Bd3 Nbd7 7. 0-0 dxc4 8. Bxc4 c6 9. b3 Qc7 10. e4 Bb4 11. e5 Bxc3 12. exf6 Nxf6 13. Rb1 h6 14. a4 Bb4 15. g3 Nd5 16. Ne5 Nc3 17. Qg4 f5 18. Qh5 Bd6 19. Ng6 Rf6 20. Rb2 Qf7 21. Nf4 Bxf4 22. Qxf7+ Rxf7 23. Bxf4 Nd5 24. Be5 b6 25. f4 Ne3 26. Rf3 Nxc4 27. bxc4 Bb7 28. Re3 Rd8 29. c5 bxc5 30. dxc5 Ba6 31. Bd6 Bc4 32. Rb4 Bd5 33. Re2 g5 34. fxg5 hxg5 35. a5 f4 36. gxf4 gxf4 37. Bxf4 Rdf8 38. Rf2 Rg7+ 39. Bg3 Rxf2 40. Kxf2 a6 41. Rb6 Ra7 42. Ke3 Kf7 43. Kf4 Kf6 44. Bh4+ Kg6 45. Ke5 Kh5 46. Bg3 Kg5 47. Kd6 Kf5 48. Rxc6 Bxc6 49. Kxc6 Ke4 50. Kb6 Ra8 51. c6 Kd5 52. c7 e5 53. Kb7 Rg8 54. c8Q Rxc8 55. Kxc8 e4 56. Kb7 e3 57. Kxa6 Kc6 58. h4 Kd7 59. Kb7 1-0

[Event "Dortmund op-B"]
[Site "Dortmund"]
[Date "2007.06.24"]
[Round "3"]
[White "Doerre, Niels"]
[Black "Klatt, Heiner"]
[Result "0-1"]
[WhiteElo "1550"]
[BlackElo "1750"]
[PlyCount "78"]
[EventDate "2007.06.22"]
[EventType "swiss"]
[EventRounds "9"]
[EventCountry "GER"]
[SourceTitle "EXT 2008"]
[Source "ChessBase"]
[SourceDate "2007.11.25"]
[SourceVersion "1"]
[SourceVersionDate "2007.11.25"]
[SourceQuality "1"]

1. e4 d6 2. d4 Nf6 3. Nc3 g6 4. Nf3 Bg7 5. Bc4 0-0 6. 0-0 Nc6 7. Bf4 Bg4 8. Be3 a6 9. h3 Bxf3 10. Qxf3 Nd7 11. Rad1 e5 12. d5 Nd4 13. Bxd4 exd4 14. Ne2 Ne5 15. Qb3 b5 16. Bd3 c5 17. dxc6 Nxc6 18. a3 Rc8 19. f4 Na5 20. Qa2 Qb6 21. Kh1 Nc4 22. Bxc4 bxc4 23. f5 Be5 24. Nf4 d3 25. cxd3 Qe3 26. Nd5 Qg3 27. Kg1 Bd4+ 28. Kh1 Be5 29. Kg1 Qh2+ 30. Kf2 cxd3 31. Rd2 Qg3+ 32. Kg1 Rc2 33. Rxc2 dxc2 34. Qc4 Bxb2 35. Qxc2 Bd4+ 36. Kh1 Be5 37. Kg1 Rb8 38. Rb1 Rb2 39. Rxb2 Qe1# 0-1